[Event "GER-ch Seniors 50"]
[Site "Hamburg"]
[Date "2018.07.22"]
[Round "2"]
[White "Ramm, Karl Heinz"]
[Black "Neldner, Frank"]
[Result "0-1"]
[WhiteElo "1224"]
[BlackElo "1586"]
[PlyCount "54"]
[EventDate "2018.07.21"]
[EventType "swiss"]
[EventRounds "9"]
[EventCountry "GER"]
[SourceTitle "CBM 186 Extra"]
[Source "ChessBase"]
[SourceDate "2018.08.24"]
[SourceVersion "1"]
[SourceVersionDate "2018.08.24"]
[SourceQuality "1"]

1. e4 e5 2. Nf3 Nc6 3. Bc4 Bc5 4. d3 Nf6 5. Ng5 0-0 6. h3 h6 7. Nf3 d6 8. 0-0 Na5 9. Nbd2 Nxc4 10. Nxc4 b5 11. Na5 Bb6 12. Nb3 Bb7 13. Nbd2 Nd7 14. b4 f5 15. Qe2 fxe4 16. dxe4 Nf6 17. Qxb5 Nxe4 18. Nxe4 Bxe4 19. Qc4+ d5 20. Qe2 Bxf3 21. gxf3 Qf6 22. f4 exf4 23. Bd2 f3 24. Qd3 c6 25. Rfe1 Qh4 26. Be3 Qxh3 27. Bxb6 Qg2# 0-1